| 000 | 01264cad a22002295a 4500 | ||
|---|---|---|---|
| 001 | L150162 | ||
| 008 | 100609s2010 xxkd f s 000 0 eng d | ||
| 035 | _a(Sirsi) u150162 | ||
| 041 | 0 | _aeng | |
| 050 | 0 | 4 | _a333.337 $2 18 |
| 110 | 2 |
_aSavills Project Consultancy _95857 |
|
| 245 | 0 | 0 |
_aCommercial development activity _bApril 2009 _h[electronic resource] |
| 260 |
_aLondon _bSavills _c2009 |
||
| 490 | 0 |
_aSavills UK Commercial Development Activity _vApril 2009 |
|
| 520 | _aRecession in commercial activity continued to ease in March. In March the Total Commercial Development Index rose to -15.5 from -20.4 in the previous month. Despite pointing to a steep reduction in activity, March's reading was the highest in just over one year. Commercial development in the private sector declined at a slightly slower rate than public sector activity. Rates of contraction were slower than in February. | ||
| 590 | _aKA | ||
| 650 | 2 | 4 | _aSAVILLS UK COMMERCIAL DEVELOPMENT ACTIVITY PMI |
| 651 | 4 |
_aUnited Kingdom _y |
|
| 690 | _aPROPERTY-COMMERCIAL PROPERTY-COMMERCIAL PROPERTY MARKET | ||
| 856 | 4 | 0 |
_uhttps://www.savills.com/research-archive/uk-commercial-development-activity-report-april-2009.pdf _zView this report free of charge at www.savills.com |
| 942 | _n0 | ||
| 999 |
_c110762 _d110762 |
||